Teuerste Transfers von Eintracht Frankfurt (Verkäufe) - Statistiken

Allgemein
  • Dieses Quiz wurde 494 mal gespielt
    102 seit der letzten Aktualisierung
  • Das Durchschnittsergebnis liegt bei 14 aus 21
Antwortstatistiken
Saison Ablöse in Mio Neuer Verein Spieler % Korrekt
24/25 75 Man City Omar Marmoush
99%
19/20 63 Real Madrid Luka Jović
98%
25/26 95 Liverpool Hugo Ekitike
97%
23/24 95 PSG Randal Kolo Muani
97%
19/20 50 West Ham Sebastian Haller
90%
15/16 9,5 PSG Kevin Trapp
83%
22/23 13 Juventus Filip Kostic
82%
24/25 40 PSG Willian Pacho
82%
23/24 30 Neapel Jesper Lindstrøm
80%
21/22 23 RB Leipzig André Silva
79%
20/21 6,7 AC Mailand Ante Rebic
70%
25/26 15 Al-Duhail SC Tuta
67%
25/26 6,7 Freiburg Igor Matanovic
56%
23/24 10 FC Sevilla Djibril Sow
55%
24/25 5 Augsburg Kristijan Jakic
53%
25/26 7 Colorado Paxten Aaronson
45%
18/19 5 Dortmund Marius Wolf
41%
23/24 5 Ajax Diant Ramaj
40%
23/24 6,5 SC Internacional Rafael Borre
34%
18/19 8,8 Tigres UANL Carlos Salcedo
29%
88/89 8,7 Olym. Piräus Lajos Détári
14%
Keine übereinstimmenden Quizze gefunden
Verteilung der Resultate
Anzahl Personen mit jedem Resultat
Perzentil nach korrekt beantworteten Fragen
Ihre Resultats-Entwicklung
Sie haben dieses Quiz seit der letzten Aktualisierung nicht gespielt